000 00410nam a22001577a 4500
003 OSt
005 20260410063445.0
008 260410b |||||||| |||| 00| 0 eng d
040 _cDLC
050 _a270.092
_bJ82S
082 _a270.092
_bJ82S
245 _aSupernatural:
_bthe life of William Branham/
_cby Owen Jorgensen
260 _aArizona:
_bTucson Tabernacle,
_c1994.
300 _a199p.
942 _2ddc
_cBK
999 _c11615
_d11615